Historia del descubrimiento y conquista de América

Kaydedildi:
Detaylı Bibliyografya
Yazar: Morales Padrón, Francisco (autor)
Materyal Türü: Kitap
Dil:İspanyolca
Baskı/Yayın Bilgisi: Madrid Gredos 1990
Edisyon:5a. ed
Seri Bilgileri:Manuales
Konular:
Etiketler: Etiketle
Etiket eklenmemiş, İlk siz ekleyin!

MARC

LEADER 00000nam a2200000 a 4500
001 UCH1921
003 CL-VaPUC
008 090520e19900000SP |||||||||||||||||spa|d
020 |a 8424914171 
082 0 4 |a 980.013  |b MOR  |2 21 
100 |a Morales Padrón, Francisco  |e autor  |9 536537 
245 1 0 |a Historia del descubrimiento y conquista de América 
250 |a 5a. ed 
300 |a 717 p 
942 |c BK 
945 |d 20090520 00:00:00  |a rbrito 
260 |a Madrid  |b Gredos  |c 1990 
650 7 |a HISTORIA DE AMERICA SIGLO 15  |2 CL-VaPUC  |9 446291 
650 0 |a Descubrimiento y Conquista de América  |9 446281 
650 7 |a CONQUISTADORES  |2 CL-VaPUC  |9 536538 
583 |a last modification  |c 20090520 00:00:00  |k Rodrigo Vera 
490 0 |a Manuales 
999 |c 333815  |d 333813 
952 |0 0  |1 0  |4 0  |6 980_013000000000000_MOR_1990  |7 0  |8 R  |9 422444  |a BIBHIS  |b BIBHIS  |d 2019-11-22  |i 455115K  |l 6  |o 980.013 MOR 1990  |p 455115K  |r 2024-04-22  |s 2024-04-19  |w 2019-11-22  |y BK_R  |k HIS